| 000 | 00868nam a2200229Ia 4500 | ||
|---|---|---|---|
| 999 |
_c34672 _d34672 |
||
| 001 | 452 | ||
| 003 | GE_BSU | ||
| 005 | 20200121103204.0 | ||
| 008 | 181216s2009||||ge |||||||||||||| ||geo|| | ||
| 020 | _a9789994068449 | ||
| 040 | _cGE_BSU | ||
| 041 | _ageo | ||
| 080 | _a338.22(036) ს-56 | ||
| 100 |
_aსიხარულიძე, დავით _95418 |
||
| 245 |
_aბიზნეს-გეგმა : _bგზამკვლევი / _cდავით სიხარულიძე ; [რედ. ნინო პაპაჩაშვილი]. |
||
| 264 |
_aთბილისი : _bემკა, _c2007. |
||
| 300 |
_a96 გვ.; _b28 სმ. |
||
| 653 | _aბიზნეს-გეგმა | ||
| 653 | _aეკონომიკა | ||
| 700 |
_aპაპაჩაშვილი, ნინო _eრედაქტორი _96264 |
||
| 942 |
_cBK _2udc |
||